roblox doors monsters - Statistics

General Stats
  • This quiz has been taken 293 times
    99 since last reset
  • The average score is 17 of 23
Answer Stats
Hint Answer % Correct
Appears when the light flickers. Rush
97%
you run away from it, it has only one eye. Seek
94%
Rules a library and appears in door 100. Figure
93%
Appears when the light flickers but appears 2/6 (old) 2/12 (new) times. Ambush
92%
Likes to lurk in dark rooms. Screech
92%
Don't look at it. it has 38 eyeballs. Eyes
88%
Spider that likes to be in drawers. Timothy
88%
TURN AROUND Halt
85%
GET OUT. Hide
82%
It appears when your far away from your friends. Glitch
81%
appears in closets and hallways Jack
79%
helps you when you die. Guiding Light
74%
he want to go to college and asks for money (not rlly) Jeff
71%
haha funni random skeleton Bob
69%
fake doors. no trust. Dupe
69%
..nothingness... Void
68%
very nice uhhh red animal El Goblino
67%
get in a hiding spot A-120
58%
like rush A-60
58%
in rooms, just stand A-90
57%
creepi face stare in you Window
57%
appears very rarely. also it has a white version. Shadow
53%
appears in the greenhouse, 3-6 sec it attacks you Snare
51%
No matching quizzes found
Score Distribution
Percent of People with Each Score
Percentile by Number Answered
Your Score History
You have not taken this quiz since the last reset